Logo BPK

Biblioteka

Politechniki Koszalińskiej

Malocuklovaja ustalost' pri niskich temperaturach / (Rekord nr 23703)

Szczegóły MARC
000 -ETYKIETA REKORDU
podpole kontrolne o stałej długości 00376nam a2200145 i 4500
001 - NUMER KONTROLNY REKORDU
pole kontrolne bg
040 ## - ŹRÓDŁO KATALOGOWANIA
Instytucja, która utworzyła rekord BPK
041 ## - KOD JĘZYKA
Kod języka tekstu pol
008 - POLE O STAŁEJ DŁUGOŚCI - DANE KONTROLNE
podpole kontrolne o stałej długości s pl f |000 0 pol
100 1# - NAZWA OSOBOWA
Nazwa osobowa STRIZALO, W.A.
245 #0 - TYTUŁ/ODPOWIEDZIALNOŚĆ
Tytuł Malocuklovaja ustalost' pri niskich temperaturach /
Pozostałe elementy strefy tytułu i oznaczenia odpowiedzialności W.A. Strizalo, W.J. Skripcenko.
260 ## - STREFA ADRESU WYDAWNICZEGO
Miejsce wydania Kiev,
Data publikacji, dystrybucji/powstania dokumentu 1987.
700 1# - HASŁO DODATKOWE - NAZWA OSOBOWA
Nazwa osobowa SKRIPCENKO, W.J.
942 ## - DODATKOWE ELEMENTY (KOHA)
Typ dokumentu Książka
Egzemplarze
Wycofany Status egzemplarza Uszkodzony Dostępność Lokalizacja stała Lokalizacja bieżąca Miejsce przechowywania Sygnatura Kod kreskowy Typ dokumentu
      Dostępny Biblioteka Politechniki Koszalińskiej Biblioteka Politechniki Koszalińskiej Wypożyczalnia BG 33900 01598605 Książka
© 2023 Biblioteka Politechniki Koszalińskiej :: KOHA